Kaigarakiman mohan Shikshabid (Record no. 2209)

MARC details
000 -LEADER
fixed length control field 00519cam a2200205ua 4500
001 - CONTROL NUMBER
control field 2353
005 - DATE AND TIME OF LATEST TRANSACTION
control field 20260515113458.0
008 - FIXED-LENGTH DATA ELEMENTS--GENERAL INFORMATION
fixed length control field 110805n ii |||gr||||Z||||||asm
040 ## - CATALOGING SOURCE
Transcribing agency MAIN
082 ## - DEWEY DECIMAL CLASSIFICATION NUMBER
Classification number 370.92
100 1# - MAIN ENTRY--PERSONAL NAME
Personal name Deka, Birendra,
Relator term Author.
245 1# - TITLE STATEMENT
Title Kaigarakiman mohan Shikshabid
Statement of responsibility, etc. by Birendra Deka
250 ## - EDITION STATEMENT
Edition statement 2nd.
260 ## - PUBLICATION, DISTRIBUTION, ETC.
Place of publication, distribution, etc. Nalbari:
Name of publisher, distributor, etc. Kitap ghar,997.
300 ## - PHYSICAL DESCRIPTION
Extent 166p:
Dimensions 23cm.
653 ## - INDEX TERM--UNCONTROLLED
Uncontrolled term Education
653 ## - INDEX TERM--UNCONTROLLED
Uncontrolled term Kaigarakiman mohan Shikshabid
653 ## - INDEX TERM--UNCONTROLLED
Uncontrolled term some great educators
942 ## - ADDED ENTRY ELEMENTS (KOHA)
Koha item type Books
Holdings
Withdrawn status Lost status Damaged status Not for loan Home library Current library Shelving location Date acquired Total checkouts Full call number Barcode Date last seen Copy number Price effective from Koha item type
        Naharkatiya College Library Naharkatiya College Library General stacks 09/19/2020   370.92 | DEK 11675 09/19/2020 2 09/19/2020 Books
        Naharkatiya College Library Naharkatiya College Library General stacks 09/19/2020   370.92 | DEK 11676 09/19/2020 1 09/19/2020 Books